| 000 | 00883nam a2200241Ia 4500 | ||
|---|---|---|---|
| 005 | 20240530110955.0 | ||
| 008 | 140319s2006 xx 000 0 ara d | ||
| 020 | _a9774083695 | ||
| 040 |
_aGCL / _cGCL |
||
| 082 | 0 | 4 |
_a658.114 / _bب ب |
| 100 | 1 | _aبيركين ، مالكوم | |
| 245 | 1 | 0 |
_aبناء الشركات المتكاملة / _cتاليف بيركين ، مالكوم ؛ مترجم خالد العامرى |
| 250 | _aالاولى | ||
| 260 |
_aالقاهرة : _bدار الفاروق للاستثمارات الثقافية، _c2006 |
||
| 300 |
_a304 ص؛ _c24 سم |
||
| 650 | 0 | 4 | _aالادارة |
| 650 | 0 | 4 | _aالادارة الدولية |
| 650 | 0 | 4 | _aدمج الافراد |
| 650 | 0 | 4 | _aالشركات المتكاملة |
| 700 |
_aخالد العامرى _eمترجم |
||
| 942 |
_2ddc _cBK |
||
| 999 |
_c67083 _d67083 |
||